00872nam a2200241 a 450000100100000000500170001000800410002704000130006808200160008110000250009724500660012226000760018830000280026450000340029265000360032665000400036265000280040270000260043091000370045604900090049395201130050299900150061500000816620200929154450.0090915s198u dr a 000 0 spa d aDO-SdBNP a641.5bK88s1 aKozel, Carlos92216313aLa salud depende de la cocina /cCarlos Kozel, Rosa de Kozal. aSanto Domingo. :bEditorial de la Misión La Verdad Presente,c[19--]. a283 p. :bil. ;c21 cm. aIncluye índice alfabético 4aPreparación de alimentos9193 4aAlimentos naturales (cocina)922164 4aCocina vegetariana936112aKozal, Rosa de922165 aValidado. Control de calidad MFF aBNPD 0010718PDaPDbPDcHDd2009-09-15iLF1l0o641.5 K88sp8166-10r2020-06-25w2020-06-25yLFPDZNo se presta c7943d7943